prison break characters - Statistics

General Stats
  • This quiz has been taken 200 times
  • The average score is 13 of 26
Answer Stats
Hint Answer % Correct
guy on deaths row lincoln burrows
92%
main characters cell mate fernando sucre
88%
main character micheal scofield
85%
main characters nephew lj burrows
79%
FBI agent alex mahone
78%
head prison guard brad bellick
76%
prison doctor sarah tancredi
75%
t-bags real name theodore bagwell
72%
main secret service agent paul kellermen
64%
main characters brothers first love interest veronica
64%
govener of illinois frank tancredi
60%
prison warden henry pope
59%
charles westmorelands other name db cooper
52%
one of the main characters cell mates from psyc ward haywire
47%
girl that kidnapped sarah gretchen
46%
c-notes real name benjimen franklin
43%
guy that michael had to get out of sona james whistler
39%
main characters brothers second love interest sofia
36%
vice president caroline reynolds
26%
teen in prison david apolskis
21%
police officer that pretended to be a good guy don self
19%
main characters brothers third love interest sheba
19%
guy that was the head of sylla general krantz
18%
sarahs second husband jacob ness
11%
guy that helped veronica get lincoln out of prison nich savrinn
11%
sucres girlfriend maricuz
2%
No matching quizzes found
Score Distribution
Percent of People with Each Score
Percentile by Number Answered
Your Score History
You have not taken this quiz